|
|
|
|
| LEADER |
00000cam a2200000 7i4500 |
| 001 |
0000007175 |
| 005 |
20241206.0 |
| 008 |
240815 enka eng |
| 020 |
|
|
|a 0566021757 (hbk)
|
| 040 |
|
|
|a INS
|b eng
|e rda
|
| 090 |
0 |
0 |
|a RHG4027.3
|b .F53 1983
|
| 245 |
0 |
0 |
|a Financial management handbook
|c edited by Jack Broyles, Ian Cooper and Simon Archer
|
| 250 |
|
|
|a Second edition
|
| 264 |
|
1 |
|a Aldershot :
|b Gower Publishing Company Limited
|c 1983
|
| 264 |
|
4 |
|c ©1983
|
| 300 |
|
|
|a xxii, 431 pages :
|b illustrations ;
|c 24 cm.
|
| 336 |
|
|
|a text
|2 rdacontent
|
| 337 |
|
|
|a unmediated
|2 rdamedia
|
| 338 |
|
|
|a volume
|2 rdacarrier
|
| 504 |
|
|
|a Includes bibliographical references and index
|
| 650 |
|
0 |
|a Corporations
|x Finance
|
| 650 |
|
0 |
|a Industrial management
|
| 700 |
1 |
|
|a Archer, Simon ,
|e editor
|
| 700 |
1 |
|
|a Broyles, Jack ,
|e editor
|
| 700 |
1 |
|
|a Cooper, Ian ,
|e editor
|
| 999 |
|
|
|a 0000000397
|b BOOK
|c Red Spot
|e Default branch
|